[Event "Challenge"]
[Site "http://www.queenalice.com/game.php?id=39809"]
[Date "2005.11.25"]
[Round "-"]
[White "Wifeykaz"]
[Black "at_5_am"]
[Result "0-1"]
[WhiteElo "1189"]
[BlackElo "1767"]

1. e4 c5 2. Bc4 e6 3. Ne2 Qg5 4. Ng3 Nf6 5. f3 Bd6 6. d3 Bxg3+ 7. hxg3 Qxg3+ 8.
Kd2 Qxg2+ 9. Kc3 d5 10. Bb5+ Bd7 11. e5 d4+ 12. Kc4 Bxb5+ 13. Kxb5 a6+ 14. Kxc5
Nbd7+ 15. Kxd4 b5 16. exf6 Nxf6 17. c3 Qg3 18. f4 O-O 19. Nd2 Rac8 20. b4 Rfd8+
21. Ke5 Rd5# 0-1

[Event "AUTO-OPEN-233"]
[Site "http://www.queenalice.com/game.php?id=57252"]
[Date "2006.3.14"]
[Round "1"]
[White "Mayaune"]
[Black "at_5_am"]
[Result "1-0"]
[WhiteElo "1625"]
[BlackElo "1693"]

1. e4 c5 2. Bc4 e5 3. c3 Nf6 4. d3 d6 5. Bg5 Be7 6. Nf3 Bg4 7. O-O O-O 8. Nbd2
Nh5 9. Bxe7 Qxe7 10. h3 Bxf3 11. Nxf3 Nd7 12. Bd5 Rab8 13. b3 b5 14. Nh2 Nf4 15.
g3 Nxh3+ 16. Kg2 Ng5 17. f4 Ne6 18. f5 Ng5 19. Ng4 1-0

[Event "AUTO-OPEN-233"]
[Site "http://www.queenalice.com/game.php?id=57253"]
[Date "2006.3.14"]
[Round "1"]
[White "at_5_am"]
[Black "Mayaune"]
[Result "0-1"]
[WhiteElo "1720"]
[BlackElo "1604"]

1. b3 e5 2. e4 Nc6 3. Bb2 d6 4. Bc4 Nf6 5. d3 Bg4 6. Nf3 Be7 7. O-O a6 8. Nbd2
O-O 9. Qe1 b5 10. Bd5 Nxd5 11. exd5 Nb4 12. Qe4 Bh5 13. Qxb4 c5 14. Qe4 Bg6 15.
Qe3 f5 16. c4 f4 17. Qe1 Bxd3 18. a4 Bxf1 19. Kxf1 b4 20. Ne4 a5 0-1

[Event "AUTO-OPEN-233"]
[Site "http://www.queenalice.com/game.php?id=57280"]
[Date "2006.3.14"]
[Round "1"]
[White "dgrecu"]
[Black "at_5_am"]
[Result "0-1"]
[WhiteElo "1577"]
[BlackElo "1713"]

1. e4 e5 2. Nf3 Nc6 3. Bb5 a6 4. Bxc6 dxc6 5. O-O Bg4 6. h3 Bh5 7. Nc3 Bc5 8. a3
Ne7 9. b4 Bd4 10. Bb2 Bxf3 11. Qxf3 Qd6 0-1

[Event "AUTO-OPEN-233"]
[Site "http://www.queenalice.com/game.php?id=57281"]
[Date "2006.3.14"]
[Round "1"]
[White "at_5_am"]
[Black "dgrecu"]
[Result "1-0"]
[WhiteElo "1729"]
[BlackElo "1577"]

1. b3 e5 2. e4 Nc6 3. Bb2 Nf6 4. d3 d5 5. Nd2 d4 6. c3 Bc5 7. Ne2 dxc3 8. Nxc3
Ng4 9. Be2 Nxf2 10. Qc1 Nxh1 11. Nd5 1-0

[Event "AUTO-OPEN-233"]
[Site "http://www.queenalice.com/game.php?id=57300"]
[Date "2006.3.14"]
[Round "1"]
[White "at_5_am"]
[Black "Joyce05"]
[Result "0-1"]
[WhiteElo "1630"]
[BlackElo "1254"]

1. b3 e5 2. e4 Nc6 3. c4 Nf6 4. d3 Bb4+ 5. Bd2 Bxd2+ 6. Qxd2 d6 7. Be2 O-O 8.
Nf3 Nd4 9. O-O Bg4 10. Nc3 Bxf3 11. Bxf3 Nxf3+ 12. gxf3 b6 13. Nd5 Nh5 14. f4
exf4 15. Nxf4 Nxf4 16. Qxf4 Qd7 17. e5 Rae8 18. Rfe1 Qe6 19. d4 d5 20. cxd5 Qxd5
21. Qe4 Qxe4 22. Rxe4 c6 23. Rae1 Re6 24. d5 cxd5 25. Rd4 Rd8 26. Rc1 f6 27. Rc7
a5 28. a3 fxe5 29. Rg4 g6 0-1

[Event "AUTO-OPEN-179"]
[Site "http://www.queenalice.com/game.php?id=57753"]
[Date "2006.3.16"]
[Round "2"]
[White "at_5_am"]
[Black "joaoreis001"]
[Result "0-1"]
[WhiteElo "1669"]
[BlackElo "1630"]

1. b3 Nc6 2. Nf3 b6 3. e4 Bb7 4. Bc4 h6 5. d3 e5 6. Bb2 f6 7. Nc3 Bb4 8. a3
Bxc3+ 9. Bxc3 d6 10. Bd5 Nge7 11. Bxc6+ Nxc6 12. O-O a5 13. Nh4 Nd4 14. Qh5+ Kd7
15. Nf5 Nxf5 16. Qxf5+ Kc6 17. Qg6 Qe7 18. Qg3 Ba6 19. Rfd1 g5 20. Qe3 Qe6 21.
a4 Kd7 22. d4 Rhf8 23. d5 Qg4 24. Rd2 f5 0-1

[Event "AUTO-OPEN-179"]
[Site "http://www.queenalice.com/game.php?id=57754"]
[Date "2006.3.16"]
[Round "2"]
[White "joaoreis001"]
[Black "at_5_am"]
[Result "1-0"]
[WhiteElo "1714"]
[BlackElo "1744"]

1. Nf3 d5 2. d4 Nf6 3. Nc3 Nc6 4. g3 Bf5 5. a3 Ne4 6. e3 e6 7. h4 Be7 8. Bb5 O-O
9. Ne5 Qd6 10. Nxc6 bxc6 11. Bd3 c5 12. g4 Nxc3 13. bxc3 Bxd3 14. cxd3 Rab8 15.
dxc5 Qxc5 16. d4 Qxc3+ 17. Bd2 Qd3 18. Qe2 Rb1+ 19. Rxb1 Qxb1+ 20. Qd1 1-0

[Event "Challenge"]
[Site "http://www.queenalice.com/game.php?id=58984"]
[Date "2006.3.23"]
[Round "-"]
[White "at_5_am"]
[Black "man_from_mars"]
[Result "0-1"]
[WhiteElo "1648"]
[BlackElo "1834"]

1. b3 Nf6 2. Bb2 g6 3. e4 d6 4. Bc4 Bg7 5. d3 c6 6. Nc3 b5 7. Bxf7+ Kxf7 8. Nf3
Bg4 9. Qd2 Ne8 10. Ng5+ Kg8 11. Qf4 Nf6 12. e5 dxe5 13. Qxe5 Qd6 14. Nce4 Qd5
15. Nd6 exd6 16. Qg3 Qxg5 17. Qxd6 Nbd7 0-1

[Event "Challenge"]
[Site "http://www.queenalice.com/game.php?id=60998"]
[Date "2006.4.3"]
[Round "-"]
[White "li2carpio"]
[Black "at_5_am"]
[Result "1-0"]
[WhiteElo "1845"]
[BlackElo "1639"]

1. e4 e5 2. Nf3 Nc6 3. Bc4 d6 4. d3 Bg4 5. Nc3 Nf6 6. h3 Bh5 7. Be3 Qd7 8. g4
O-O-O 9. gxh5 Nxh5 10. Qd2 g6 11. O-O-O Nf6 12. Bg5 Qe7 13. Nd5 Qd7 14. Nxf6 Qe7
15. Qc3 Bg7 16. Nd5 Qd7 17. Nf6 Bxf6 18. Bxf6 Qe8 19. Bxh8 Qxh8 20. Bd5 Qf6 21.
d4 exd4 22. Nxd4 Nxd4 23. Rxd4 Qxf2 24. Rhd1 h5 25. Kb1 1-0

[Event "Let's Play Chess!"]
[Site "http://www.queenalice.com/game.php?id=110884"]
[Date "2006.9.28"]
[Round "-"]
[White "ashrioto"]
[Black "at_5_am"]
[Result "1-0"]
[WhiteElo "1500"]
[BlackElo "1563"]

1. e4 c5 2. Bc4 Nc6 3. Nf3 e6 4. d3 Bd6 5. Nc3 Nf6 6. Bg5 Qb6 7. Na4 Qb4+ 8. c3
Qa5 9. Bxf6 gxf6 10. O-O Qc7 11. d4 cxd4 12. cxd4 b6 13. Re1 1-0

[Event "Let's Play Chess!"]
[Site "http://www.queenalice.com/game.php?id=110935"]
[Date "2006.9.28"]
[Round "-"]
[White "CampbellMarcel"]
[Black "at_5_am"]
[Result "1-0"]
[WhiteElo "1597"]
[BlackElo "1598"]

1. e4 c5 2. Bc4 Nc6 3. Nf3 e6 4. O-O d6 5. b3 Qf6 6. Nc3 Be7 7. Nb5 Bd8 8. Nxd6+
Kf8 9. d3 Qxa1 10. Nxc8 Rxc8 11. a4 Qf6 12. Ng5 Qg6 13. f4 a6 14. f5 Qf6 15.
fxe6 1-0

[Event "AUTO-OPEN-403"]
[Site "http://www.queenalice.com/game.php?id=110970"]
[Date "2006.9.28"]
[Round "1"]
[White "at_5_am"]
[Black "rsgaspar"]
[Result "0-1"]
[WhiteElo "1582"]
[BlackElo "1745"]

1. e4 e5 2. Bc4 Bc5 3. Nf3 d6 4. d3 h6 5. d4 exd4 6. Nxd4 Nf6 7. Nc3 a6 8. O-O
b5 9. Bb3 Bd7 10. Be3 Nc6 0-1

[Event "AUTO-OPEN-403"]
[Site "http://www.queenalice.com/game.php?id=110971"]
[Date "2006.9.28"]
[Round "1"]
[White "rsgaspar"]
[Black "at_5_am"]
[Result "1-0"]
[WhiteElo "1715"]
[BlackElo "1528"]

1. e4 c5 2. Nf3 Nc6 3. c3 e5 4. Bc4 d6 5. h3 Nf6 6. d3 Be7 7. a3 O-O 8. O-O a6
9. Be3 b5 10. Ba2 Be6 11. Bxe6 fxe6 12. Qb3 1-0

[Event "Challenge"]
[Site "http://www.queenalice.com/game.php?id=111308"]
[Date "2006.9.29"]
[Round "-"]
[White "at_5_am"]
[Black "Nunes"]
[Result "0-1"]
[WhiteElo "1573"]
[BlackElo "1717"]

1. e4 Nc6 2. d4 d5 3. exd5 Qxd5 4. Nc3 Qxd4 5. Be3 Qxd1+ 6. Rxd1 Bd7 7. Bc4 e6
8. Nf3 a6 9. O-O O-O-O 10. Rd3 Nb4 0-1